[Event "South America-ch U16 Girls 17th"]
[Site "Guayaquil"]
[Date "2022.01.28"]
[Round "6"]
[White "Martinez Zambrano, Karina Paola"]
[Black "Vega Paucar, Emely Bachellet"]
[Result "0-1"]
[WhiteElo "1507"]
[BlackElo "1736"]
[PlyCount "66"]
[EventDate "2022.01.25"]
[EventType "swiss"]
[EventRounds "9"]
[EventCountry "ECU"]
[SourceTitle "CBM 206 Extra"]
[Source "ChessBase"]
[SourceDate "2022.03.31"]
[SourceVersion "1"]
[SourceVersionDate "2022.03.31"]
[SourceQuality "1"]

1. e4 c5 2. Nf3 d6 3. d4 cxd4 4. Nxd4 Nf6 5. Nc3 Nc6 6. f3 Qb6 7. Nb3 e6 8. Qe2 Be7 9. Be3 Qc7 10. 0-0-0 a6 11. g4 b5 12. h4 Na5 13. Kb1 Nc4 14. Bd4 e5 15. Bf2 Be6 16. Qd3 Rc8 17. Nd5 Bxd5 18. exd5 e4 19. fxe4 Nxg4 20. Bd4 Nge5 21. Bxe5 Nxe5 22. Qe2 Bf6 23. Bh3 Rb8 24. h5 h6 25. Nd4 Nc4 26. Rh2 Qc5 27. Nc6 Rb6 28. c3 0-0 29. Qf2 Rxc6 30. dxc6 Qxc6 31. Bf5 b4 32. cxb4 Nxb2 33. Rg2 Nxd1 0-1

[Event "South America-ch U16 Girls 17th"]
[Site "Guayaquil"]
[Date "2022.01.28"]
[Round "5"]
[White "Rodriguez Moran, Romina Estefania"]
[Black "Martinez Zambrano, Karina Paola"]
[Result "0-1"]
[WhiteElo "1200"]
[BlackElo "1507"]
[PlyCount "84"]
[EventDate "2022.01.25"]
[EventType "swiss"]
[EventRounds "9"]
[EventCountry "ECU"]
[SourceTitle "CBM 206 Extra"]
[Source "ChessBase"]
[SourceDate "2022.03.31"]
[SourceVersion "1"]
[SourceVersionDate "2022.03.31"]
[SourceQuality "1"]

1. e4 c5 2. Nf3 e6 3. d4 cxd4 4. Nxd4 a6 5. a4 Qc7 6. Nc3 Nf6 7. f4 Bb4 8. Qf3 b6 9. Bd2 Bb7 10. Bd3 Nc6 11. Nb3 Ne7 12. 0-0 0-0 13. Qe2 e5 14. fxe5 Qxe5 15. Bf4 Qh5 16. Qxh5 Nxh5 17. Be5 Rac8 18. g4 Nc6 19. Na2 Nxe5 20. Nxb4 Nxd3 21. cxd3 Nf6 22. g5 Ng4 23. Nd4 a5 24. Na2 Ne5 25. Nf5 Rc2 26. Nd6 Ba6 27. b3 Nxd3 28. Rf3 Ne5 29. Rc3 Rd2 30. Nc4 Nxc4 31. bxc4 Rd4 32. Rb1 Bxc4 33. Nc1 Rxe4 34. Rxb6 Be6 35. Ra6 Rxa4 36. Rc5 g6 37. Raxa5 Rxa5 38. Rxa5 Rc8 39. Nd3 Rc4 40. Kf2 Kg7 41. Ne5 Rf4+ 42. Kg3 Rf5 0-1

[Event "South America-ch U20 Girls"]
[Site "Guayaquil"]
[Date "2021.11.06"]
[Round "7"]
[White "Penafiel Mendoza, Josselyne Stefania"]
[Black "Martinez Zambrano, Karina Paola"]
[Result "1/2-1/2"]
[WhiteElo "1782"]
[BlackElo "1438"]
[PlyCount "54"]
[EventDate "2021.11.02"]
[EventType "swiss"]
[EventRounds "9"]
[EventCountry "ECU"]
[SourceTitle "CBM 205 Extra"]
[Source "ChessBase"]
[SourceDate "2022.01.31"]
[SourceVersion "1"]
[SourceVersionDate "2022.01.31"]
[SourceQuality "1"]

1. d4 d5 2. Nf3 Nf6 3. c4 dxc4 4. g3 e6 5. Bg2 Nc6 6. 0-0 Be7 7. a4 0-0 8. Na3 Na5 9. Re1 Rb8 10. e4 Bd7 11. Bf4 a6 12. Nc2 Bc6 13. Ne5 Nd7 14. d5 Nxe5 15. Bxe5 Bd7 16. Ne3 Bd6 17. Bc3 Nb3 18. Ra2 exd5 19. exd5 b5 20. axb5 axb5 21. Ra6 Qc8 22. Ra2 Nc5 23. Qd4 f6 24. Qh4 Nd3 25. Rd1 Bf5 26. Bd4 Bg6 27. Bh3 Qe8 1/2-1/2

[Event "ECU Clasif2 U20"]
[Site "Chess.com INT"]
[Date "2020.12.18"]
[Round "7"]
[White "Martinez Zambrano, Karina Paola"]
[Black "Mendoza Recio, Josselyne"]
[Result "0-1"]
[WhiteElo "1407"]
[BlackElo "1536"]
[PlyCount "88"]
[EventDate "2020.12.18"]
[EventType "swiss"]
[EventRounds "9"]
[EventCountry "ECU"]
[SourceTitle "EXT 2022"]
[Source "ChessBase"]
[SourceDate "2021.10.06"]
[SourceVersion "1"]
[SourceVersionDate "2021.10.06"]
[SourceQuality "1"]

1. d4 f5 2. c4 e6 3. g3 Nf6 4. Bg2 d5 5. cxd5 exd5 6. Nc3 c6 7. Nf3 Bd6 8. 0-0 0-0 9. Bg5 Nbd7 10. Qd2 Qe8 11. Bf4 Ne4 12. Qc1 Nxc3 13. bxc3 Be7 14. c4 Qh5 15. cxd5 cxd5 16. Qe3 Bf6 17. Qe6+ Kh8 18. Qxd5 Nb6 19. Qb3 Bd7 20. Be5 Ba4 21. Qb4 Bc6 22. Bxf6 Rxf6 23. Rfd1 Nd5 24. Qd2 f4 25. Ne5 Raf8 26. Nxc6 bxc6 27. Bf3 Qg6 28. Bxd5 cxd5 29. Rab1 fxg3 30. fxg3 Qe4 31. Rf1 h5 32. Rxf6 Rxf6 33. Rb8+ Kh7 34. Qd3 Qxd3 35. exd3 Rf3 36. Rd8 Rxd3 37. Rxd5 Kg6 38. Kg2 Rd2+ 39. Kh3 Rxa2 40. Rd6+ Kf5 41. Rd7 g5 42. d5 Kg6 43. d6 g4+ 44. Kh4 Rxh2# 0-1

[Event "ECU Clasif2 U20"]
[Site "Chess.com INT"]
[Date "2020.12.18"]
[Round "4"]
[White "Vasquez Vargas, Henry Richard"]
[Black "Martinez Zambrano, Karina Paola"]
[Result "1-0"]
[WhiteElo "2021"]
[BlackElo "1407"]
[PlyCount "27"]
[EventDate "2020.12.18"]
[EventType "swiss"]
[EventRounds "9"]
[EventCountry "ECU"]
[SourceTitle "EXT 2022"]
[Source "ChessBase"]
[SourceDate "2021.10.06"]
[SourceVersion "1"]
[SourceVersionDate "2021.10.06"]
[SourceQuality "1"]

1. d4 g6 2. c4 Bg7 3. Nf3 d5 4. Nc3 dxc4 5. e4 c5 6. d5 a6 7. a4 Nd7 8. Bxc4 Qc7 9. 0-0 Ngf6 10. Re1 Ng4 11. d6 exd6 12. Bxf7+ Kxf7 13. Ng5+ Ke7 14. Nd5+ 1-0

[Event "South America-ch U14 Girls 16th"]
[Site "Buenos Aires"]
[Date "2019.12.04"]
[Round "6.7"]
[White "Martinez Zambrano, Karina Paola"]
[Black "Bertorello, Constanza"]
[Result "1/2-1/2"]
[WhiteElo "1397"]
[BlackElo "1648"]
[PlyCount "71"]
[EventDate "2019.12.01"]
[EventType "swiss"]
[EventRounds "9"]
[EventCountry "ARG"]
[SourceTitle "EXT 2024"]
[Source "ChessBase"]
[SourceDate "2023.10.10"]
[SourceVersion "1"]
[SourceVersionDate "2023.10.10"]
[SourceQuality "1"]

1. d4 d5 2. Nf3 e6 3. c4 Nf6 4. Nc3 Be7 5. Bg5 h6 6. Bh4 0-0 7. e3 b6 8. cxd5 Nxd5 9. Bxe7 Qxe7 10. Nxd5 exd5 11. Qd2 Be6 12. Bd3 c5 13. 0-0 c4 14. Bc2 b5 15. e4 Qb7 16. e5 Nc6 17. Nh4 Qb6 18. Rad1 b4 19. Kh1 Rac8 20. f4 Bg4 21. Nf3 Ne7 22. h3 Bf5 23. g4 Bxc2 24. Qxc2 b3 25. Qb1 c3 26. bxc3 Rxc3 27. axb3 Rxb3 28. Qa1 Rc8 29. Rc1 Rxc1 30. Qxc1 a5 31. Kg2 a4 32. Qc5 Qb7 33. f5 a3 34. Rf2 Nc6 35. e6 f6 36. Qxd5 1/2-1/2

[Event "Pan American-ch U14 Girls"]
[Site "Guayaquil"]
[Date "2019.07.27"]
[Round "9"]
[White "Huayhuas Robles, Laura Sofia"]
[Black "Martinez Zambrano, Karina Paola"]
[Result "1/2-1/2"]
[WhiteElo "1472"]
[BlackElo "1362"]
[PlyCount "64"]
[EventDate "2019.07.21"]
[EventType "swiss"]
[EventRounds "9"]
[EventCountry "ECU"]
[SourceTitle "EXT 2020"]
[Source "ChessBase"]
[SourceDate "2019.10.17"]
[SourceVersion "1"]
[SourceVersionDate "2019.10.17"]
[SourceQuality "1"]

1. d4 Nf6 2. c4 g6 3. Nc3 Bg7 4. e4 d6 5. h3 0-0 6. Be3 Na6 7. Bd3 c5 8. d5 e6 9. Nge2 exd5 10. cxd5 Nc7 11. g4 h5 12. f3 Kh7 13. Bg5 Bh6 14. Bxh6 Nxe4 15. Nxe4 Kxh6 16. Qd2+ Kg7 17. Nf4 f5 18. Nf2 fxg4 19. hxg4 Qf6 20. Nxg6 Re8+ 21. Kf1 Nxd5 22. Be4 Rxe4 23. fxe4 Bxg4 24. exd5 Kxg6 25. Re1 Kh7 26. b3 Rf8 27. Qe3 Kh8 28. Rh2 b5 29. Rc1 Qg6 30. Re1 c4 31. Qd4+ Kh7 32. Re7+ Kg8 1/2-1/2

[Event "Pan American-ch U14 Girls"]
[Site "Guayaquil"]
[Date "2019.07.25"]
[Round "7"]
[White "Orbe Vivero, Veronica Priscila"]
[Black "Martinez Zambrano, Karina Paola"]
[Result "1/2-1/2"]
[WhiteElo "1374"]
[BlackElo "1362"]
[PlyCount "57"]
[EventDate "2019.07.21"]
[EventType "swiss"]
[EventRounds "9"]
[EventCountry "ECU"]
[SourceTitle "EXT 2020"]
[Source "ChessBase"]
[SourceDate "2019.10.17"]
[SourceVersion "1"]
[SourceVersionDate "2019.10.17"]
[SourceQuality "1"]

1. e4 c5 2. Nf3 d6 3. c3 g6 4. d4 cxd4 5. cxd4 Bg7 6. Nc3 e6 7. a3 Ne7 8. Bd3 0-0 9. 0-0 a6 10. Be3 Nbc6 11. Ne2 d5 12. e5 Nf5 13. Bxf5 exf5 14. Ne1 Qb6 15. Rb1 Be6 16. b4 Rac8 17. Nd3 Nb8 18. Nc5 Nd7 19. Nf4 Nxc5 20. bxc5 Qa7 21. Rb6 Rc6 22. Qb3 Rxb6 23. cxb6 Qb8 24. Nd3 Rc8 25. Rc1 Rxc1+ 26. Bxc1 Qc8 27. Be3 Bf8 28. h4 Be7 29. g3 1/2-1/2

[Event "ECU-ch U16 Girls"]
[Site "Guayaquil"]
[Date "2019.04.20"]
[Round "6"]
[White "Alvarez Dominguez, Hellen Melissa"]
[Black "Martinez Zambrano, Karina Paola"]
[Result "1/2-1/2"]
[WhiteElo "1280"]
[BlackElo "1449"]
[PlyCount "66"]
[EventDate "2019.04.17"]
[EventType "swiss"]
[EventRounds "9"]
[EventCountry "ECU"]
[SourceTitle "CBM 190 Extra"]
[Source "ChessBase"]
[SourceDate "2019.07.15"]
[SourceVersion "1"]
[SourceVersionDate "2019.07.15"]
[SourceQuality "1"]

1. e4 g6 2. Nf3 Bg7 3. d4 d6 4. c4 Nd7 5. Nc3 c5 6. Be3 b6 7. Be2 Bb7 8. h3 Rc8 9. Rc1 cxd4 10. Nxd4 Ngf6 11. f3 0-0 12. 0-0 Nh5 13. Qd2 Ng3 14. Rfd1 Ne5 15. b3 Nc6 16. Nxc6 Bxc6 17. Nd5 Bxd5 18. cxd5 Bc3 19. Qd3 Qd7 20. Kf2 Nxe2 21. Qxe2 Bb4 22. Rc4 Bc5 23. Bxc5 Rxc5 24. Rdc1 e6 25. b4 exd5 26. bxc5 dxc4 27. cxb6 axb6 28. Rxc4 b5 29. Rb4 Ra8 30. Rb2 d5 31. exd5 Qxd5 32. Qxb5 Qxb5 33. Rxb5 Rxa2+ 1/2-1/2

[Event "ECU-ch U16 Girls"]
[Site "Guayaquil"]
[Date "2019.04.20"]
[Round "7"]
[White "Martinez Zambrano, Karina Paola"]
[Black "Rueda Peralta, Sammy"]
[Result "1/2-1/2"]
[WhiteElo "1449"]
[BlackElo "1239"]
[PlyCount "62"]
[EventDate "2019.04.17"]
[EventType "swiss"]
[EventRounds "9"]
[EventCountry "ECU"]
[SourceTitle "CBM 190 Extra"]
[Source "ChessBase"]
[SourceDate "2019.07.15"]
[SourceVersion "1"]
[SourceVersionDate "2019.07.15"]
[SourceQuality "1"]

1. Nf3 c5 2. c4 Nc6 3. g3 Nf6 4. Bg2 e6 5. Nc3 d5 6. cxd5 exd5 7. d4 Ne4 8. 0-0 Bg4 9. dxc5 Bxc5 10. Nxd5 Nxf2 11. Rxf2 Bxf2+ 12. Kxf2 0-0 13. Bf4 Qa5 14. Qb3 Be6 15. Rd1 Rad8 16. Ng5 h6 17. Nh3 Bxd5 18. Bxd5 g5 19. Bc1 Nb4 20. e4 Qb6+ 21. Be3 Qf6+ 22. Kg2 Nxd5 23. exd5 Rfe8 24. Nf2 h5 25. Nh3 g4 26. Nf4 Qe5 27. Rd3 Rc8 28. Kg1 Rc1+ 29. Bxc1 Qe1+ 30. Kg2 Re2+ 31. Nxe2 Qxe2+ 1/2-1/2

[Event "Pan American-ch School U13 Girls 9th"]
[Site "Guatire"]
[Date "2018.10.24"]
[Round "4.3"]
[White "Martinez Zambrano, Karina Paola"]
[Black "Guadalajara Barrios, Jacksilany"]
[Result "1-0"]
[WhiteElo "1510"]
[BlackElo "1412"]
[PlyCount "123"]
[EventDate "2018.10.23"]
[EventType "swiss"]
[EventRounds "9"]
[EventCountry "VEN"]
[SourceTitle "EXT 2024"]
[Source "ChessBase"]
[SourceDate "2023.10.10"]
[SourceVersion "1"]
[SourceVersionDate "2023.10.10"]
[SourceQuality "1"]

1. d4 d5 2. c4 e6 3. Nc3 c6 4. e3 Nf6 5. Nf3 Be7 6. b3 Nbd7 7. Bb2 b6 8. Bd3 Bb7 9. 0-0 0-0 10. Qe2 Bd6 11. Rac1 e5 12. cxd5 cxd5 13. Nb5 Bb8 14. dxe5 Ne4 15. Qc2 Ba6 16. Bxe4 dxe4 17. Qxe4 Bxe5 18. Nxe5 Bxb5 19. Nxd7 Qxd7 20. Rfd1 Qe6 21. Qf4 f6 22. Qb4 Ba6 23. Rc7 Rad8 24. Rxd8 Rxd8 25. Bd4 Rd7 26. Rc1 Qd5 27. Qa4 Bb7 28. f3 Qe6 29. Qxa7 Rxd4 30. Qb8+ Kf7 31. Qxb7+ Rd7 32. Qe4 Qxe4 33. fxe4 Rd3 34. Kf2 Rd2+ 35. Kf3 Rxa2 36. Rc7+ Kg6 37. Rb7 Rb2 38. Rxb6 Kf7 39. Rb7+ Kf8 40. b4 h6 41. b5 Kg8 42. b6 Kh7 43. Rb8 Kg6 44. b7 Kg5 45. g3 Kh5 46. e5 fxe5 47. Ke4 Rb5 48. Kf5 Rb6 49. Kxe5 Kg4 50. Kd5 Kh3 51. e4 Kxh2 52. e5 Rb1 53. e6 Rd1+ 54. Kc6 Rc1+ 55. Kd7 Rd1+ 56. Ke8 Rb1 57. e7 Kxg3 58. Kf7 h5 59. e8Q h4 60. Qe3+ Kg4 61. Qe4+ Kg3 62. Qxb1 1-0

[Event "Pan American-ch School U13 Girls 9th"]
[Site "Guatire"]
[Date "2018.10.24"]
[Round "3.1"]
[White "Perez Hernandez, Vicmary C"]
[Black "Martinez Zambrano, Karina Paola"]
[Result "1-0"]
[WhiteElo "1788"]
[BlackElo "1510"]
[PlyCount "91"]
[EventDate "2018.10.23"]
[EventType "swiss"]
[EventRounds "9"]
[EventCountry "VEN"]
[SourceTitle "EXT 2024"]
[Source "ChessBase"]
[SourceDate "2023.10.10"]
[SourceVersion "1"]
[SourceVersionDate "2023.10.10"]
[SourceQuality "1"]

1. e4 e6 2. d4 d5 3. e5 c5 4. c3 Nc6 5. Nf3 Qc7 6. a3 f6 7. exf6 Nxf6 8. b4 cxd4 9. cxd4 a6 10. Bb2 Bd6 11. Nc3 b5 12. Rc1 0-0 13. Be2 Bb7 14. h3 Rae8 15. 0-0 Qb8 16. Qd3 Bf4 17. Rce1 e5 18. dxe5 Nxe5 19. Nxe5 Bxe5 20. Bf3 d4 21. Ne4 Bc8 22. Bxd4 Be6 23. Bxe5 Qxe5 24. Nd6 Qg5 25. Nxe8 Bc4 26. Nxf6+ gxf6 27. Qe3 Qg6 28. Be2 Bd5 29. Qg3 Qxg3 30. fxg3 f5 31. Bd3 Bc4 32. Bxc4+ bxc4 33. Rc1 a5 34. Rxc4 axb4 35. axb4 h5 36. Rc5 h4 37. gxh4 f4 38. Rc4 f3 39. Rxf3 Rxf3 40. gxf3 Kh7 41. Rd4 Kh6 42. b5 Kh5 43. b6 Kh6 44. b7 Kh7 45. b8Q Kh6 46. Qh8+ 1-0

[Event "Wch U12 Girls"]
[Site "Pocos de Caldas"]
[Date "2017.08.28"]
[Round "7"]
[White "Martinez Zambrano, Karina Paola"]
[Black "Hegedus, Luca"]
[Result "1/2-1/2"]
[WhiteElo "1455"]
[BlackElo "1845"]
[PlyCount "82"]
[EventDate "2017.08.22"]
[EventType "swiss"]
[EventRounds "11"]
[EventCountry "BRA"]
[SourceTitle "CBM 180 Extra"]
[Source "ChessBase"]
[SourceDate "2017.10.06"]
[SourceVersion "1"]
[SourceVersionDate "2017.10.06"]
[SourceQuality "1"]

1. d4 d5 2. c4 e6 3. Nc3 Nf6 4. Bg5 Nbd7 5. cxd5 exd5 6. Nf3 c6 7. e3 Be7 8. Bd3 h6 9. Bh4 0-0 10. 0-0 Ne4 11. Bxe7 Qxe7 12. Nd2 f5 13. Qe2 Re8 14. Bxe4 fxe4 15. Rae1 Nf6 16. f3 exf3 17. Nxf3 Bg4 18. Qf2 Bh5 19. Qh4 Bxf3 20. Rxf3 Ne4 21. Qxe7 Rxe7 22. Nxe4 Rxe4 23. Rf4 Rae8 24. Rf3 Rxd4 25. exd4 Rxe1+ 26. Kf2 Rc1 27. Rc3 Rxc3 28. bxc3 Kf7 29. g4 Ke6 30. Ke3 g5 31. Kd3 Kd6 32. Kc2 c5 33. Kb3 Kc6 34. Kc2 b5 35. a3 c4 36. Kb2 Kb6 37. a4 a6 38. Ka2 Ka5 39. Ka3 bxa4 40. Kb2 Kb5 41. Ka3 Ka5 1/2-1/2

[Event "Wch U12 Girls"]
[Site "Pocos de Caldas"]
[Date "2017.08.24"]
[Round "4"]
[White "Sandoval Rivera, Alejandra"]
[Black "Martinez Zambrano, Karina Paola"]
[Result "0-1"]
[WhiteElo "1294"]
[BlackElo "1455"]
[PlyCount "70"]
[EventDate "2017.08.22"]
[EventType "swiss"]
[EventRounds "11"]
[EventCountry "BRA"]
[SourceTitle "CBM 180 Extra"]
[Source "ChessBase"]
[SourceDate "2017.10.06"]
[SourceVersion "1"]
[SourceVersionDate "2017.10.06"]
[SourceQuality "1"]

1. d4 c5 2. c3 b6 3. Nf3 Bb7 4. Bf4 Nf6 5. e3 g6 6. Be2 Bg7 7. 0-0 0-0 8. Nbd2 d6 9. Qc2 Nc6 10. Rad1 Re8 11. Nb3 cxd4 12. exd4 Rc8 13. Qb1 Qc7 14. Bg3 Nh5 15. Bh4 Nf4 16. Rfe1 Nxe2+ 17. Rxe2 f6 18. d5 Ne5 19. Nxe5 dxe5 20. Qd3 Qd7 21. d6 Qc6 22. f3 exd6 23. Qxd6 Rcd8 24. Qxc6 Rxd1+ 25. Kf2 Bxc6 26. Rd2 Rd8 27. Rxd8+ Rxd8 28. Ke2 Bb5+ 29. Kf2 a5 30. Ke3 Bh6+ 31. Kf2 a4 32. Na1 Rd2+ 33. Ke1 Rxb2 34. Bxf6 Be3 35. Kd1 Bd3 0-1

[Event "Pan American-ch U12 Girls"]
[Site "San Jose"]
[Date "2017.07.03"]
[Round "4"]
[White "Martinez Zambrano, Karina Paola"]
[Black "Tian, Shi Yuan"]
[Result "0-1"]
[WhiteElo "1462"]
[BlackElo "1405"]
[PlyCount "142"]
[EventDate "2017.07.01"]
[EventType "swiss"]
[EventRounds "9"]
[EventCountry "CRI"]
[SourceTitle "EXT 2022"]
[Source "ChessBase"]
[SourceDate "2021.10.06"]
[SourceVersion "1"]
[SourceVersionDate "2021.10.06"]
[SourceQuality "1"]

1. Nf3 d5 2. e3 Nf6 3. c4 c6 4. Nc3 e6 5. d4 Bd6 6. Bd3 0-0 7. e4 dxe4 8. Nxe4 Nxe4 9. Bxe4 Nd7 10. 0-0 Nf6 11. Bc2 c5 12. dxc5 Bxc5 13. Qxd8 Rxd8 14. Bg5 Be7 15. Rad1 Bd7 16. Ne5 Be8 17. Ng4 Rac8 18. b3 b5 19. Bd3 Nxg4 20. Bxe7 Rd7 21. Bh4 Ne5 22. Be2 bxc4 23. bxc4 Nxc4 24. Rc1 Rd4 25. Bg3 Bb5 26. Rfd1 Rxd1+ 27. Bxd1 Nb6 28. Rxc8+ Nxc8 29. a4 Bc4 30. a5 Kf8 31. Ba4 Ke7 32. f3 Nd6 33. Bf2 Bb5 34. Bb3 a6 35. Bd4 f6 36. Kf2 Nb7 37. Bb6 Nd6 38. Ke1 Bc4 39. Ba4 Bd5 40. Kd1 Nc4 41. Kc2 Nxb6 42. axb6 Kd6 43. Kd3 Kc5 44. Ke3 Kxb6 45. g4 Kc5 46. h4 Bc6 47. Bb3 e5 48. f4 a5 49. g5 h6 50. gxf6 gxf6 51. fxe5 fxe5 52. Kd2 Kd4 53. Bc2 e4 54. Bb1 Bd5 55. Bc2 Bc4 56. Ba4 Bd5 57. Bc2 Bc6 58. Bb3 a4 59. Ba2 Bd5 60. Bb1 a3 61. Ke2 a2 62. Bxa2 Bxa2 63. Kd2 e3+ 64. Ke1 Kd3 65. Kd1 e2+ 66. Ke1 Bb3 67. h5 Ba4 68. Kf2 Kd2 69. Kg2 e1Q 70. Kh3 Qf2 71. Kg4 Bd7# 0-1

[Event "South American-ch U12 Girls"]
[Site "Santiago de Chile"]
[Date "2016.12.02"]
[Round "3.2"]
[White "Martinez Zambrano, Karina Paola"]
[Black "Kikuchi Cadilhac, Mariana Sawae"]
[Result "0-1"]
[WhiteElo "1422"]
[BlackElo "1487"]
[PlyCount "48"]
[EventDate "2016.12.01"]
[EventType "swiss"]
[EventRounds "9"]
[EventCountry "CHI"]
[SourceTitle "EXT 2022"]
[Source "ChessBase"]
[SourceDate "2021.10.06"]
[SourceVersion "1"]
[SourceVersionDate "2021.10.06"]
[SourceQuality "1"]

1. d4 f5 2. c4 e6 3. Nc3 c6 4. Bd2 d5 5. e3 Nf6 6. f3 Nbd7 7. cxd5 exd5 8. Bd3 Nb6 9. Qc2 g6 10. Nh3 Bd7 11. 0-0-0 Qc7 12. e4 fxe4 13. fxe4 dxe4 14. Nxe4 Nxe4 15. Bxe4 Bxh3 16. gxh3 0-0-0 17. Ba5 Re8 18. Rhe1 Bd6 19. Bxb6 Qxb6 20. d5 c5 21. Qa4 Be5 22. Qc2 Re7 23. Rd3 Qb4 24. Rb3 Qxe1+ 0-1